Normal view
MARC view
- Terman, Lewis M.
Entry Nombre Personal
001 - NUMERO DE CONTROL
- campo de control: 30807
003 - IDENTIFICADOR DE NUMERO DE CONTROL
- campo de control: DLC
005 - FECHA Y HORA DE LA ÜLTIMA TRANSACCIÓN
- campo de control: 20230511095457.0
008 - DATOS DE LONGITUD FIJA
- campo de control de longitud fija: 800331n| azannaabn |n aaa
010 ## - NÚMERO DE CONTROL DE LA BIBLIOTECA DEL CONGRESO
- Número de control LC: n 50009919
035 ## - NUMERO DE CONTROL
- Número de control: (OCoLC)oca00045432
040 ## - FUENTE DE CATALOGACIÓN
- Agencia original de catalogación: DLC
- Lenguaje de catalogación: spa
- Description conventions: rda
- Agencia de transcripción: DLC
- Agencia que lo modifica: OCoLC
- Agencia que lo modifica: DLC
- Agencia que lo modifica: ICU
- Agencia que lo modifica: DNLM
- Agencia que lo modifica: MX-MxUPN
046 ## - FECHAS CON CODIFICACIÓN ESPECIAL
- Fecha de nacimiento: 1877
- Fecha de muerte: 1956
- Fuente del formato de fecha: edtf
100 1# - ENCABEZAMIENTO - NOMBRE PERSONAL
- Nombre personal: Terman, Lewis M.
- Fuller form of name: (Lewis Madison),
- Fechas asociadas con el nombre: 1877-1956
378 ## - FORMA COMPLETA DE NOMBRE PERSONAL
- Fuller form of personal name: Lewis Madison
670 ## - FUENTE EN LA QUE SE LOCALIZARON DATOS
- Cita de la fuente: His The teacher's health, c1913.
670 ## - FUENTE EN LA QUE SE LOCALIZARON DATOS
- Cita de la fuente: LC database, Mar. 23, 2011
- Información localizada: (hdg.: Terman, Lewis Madison, 1877-1956; usage: Lewis M. Terman)
670 ## - FUENTE EN LA QUE SE LOCALIZARON DATOS
- Cita de la fuente: Medición de la inteligencia: exposición y guía para el uso de la revisión y extensión de Stanford de la escala de Binet y Simon, 1927:
- Información localizada: portada (Lewis M. Terman; profesor de educación de la Leland Stanford Junior University)
902 ## - CATALOGADOR
- Catalogador: Víctor Ruiz/110523
